Russian Letters - Sudden Death - Statistics

General Stats
  • This quiz has been taken 130 times
  • The average score is 10 of 15
Answers on the Grid
Answers color-coded by a green-red scale on the quiz's grid according to % correct below.
В
Д
С
Ц
П
З
Ш
О
Б
Ю
Й
Ы
Ф
Э
Н
Q
U
Z
Ē
Ü
Ï
Ç
Ñ
J
F
D
Œ
1
§
 
Answer Stats
Answer % Correct
Д
84%
Ш
84%
Б
78%
Ц
75%
Ю
73%
Ы
73%
Й
72%
П
70%
Н
70%
З
66%
О
66%
Ф
61%
В
60%
С
60%
Э
60%
No matching quizzes found
Score Distribution
Percent of People with Each Score
Percentile by Number Answered
Your Score History
You have not taken this quiz